<?xml version="1.0" encoding="UTF-8"?>
<record
    xmlns:xsi="http://www.w3.org/2001/XMLSchema-instance"
    xsi:schemaLocation="http://www.loc.gov/MARC21/slim http://www.loc.gov/standards/marcxml/schema/MARC21slim.xsd"
    xmlns="http://www.loc.gov/MARC21/slim">

  <leader>00584nam a22002177a 4500</leader>
  <controlfield tag="005">20250910162804.0</controlfield>
  <controlfield tag="008">250910b        |||||||| |||| 00| 0 eng d</controlfield>
  <datafield tag="020" ind1=" " ind2=" ">
    <subfield code="a">978934015005</subfield>
  </datafield>
  <datafield tag="040" ind1=" " ind2=" ">
    <subfield code="c">AL</subfield>
  </datafield>
  <datafield tag="041" ind1=" " ind2=" ">
    <subfield code="a">English</subfield>
  </datafield>
  <datafield tag="082" ind1=" " ind2=" ">
    <subfield code="a">323.054</subfield>
    <subfield code="b">RATB</subfield>
  </datafield>
  <datafield tag="100" ind1=" " ind2=" ">
    <subfield code="a">Ratanlal</subfield>
    <subfield code="9">238541</subfield>
  </datafield>
  <datafield tag="245" ind1=" " ind2=" ">
    <subfield code="a">Bharatiya Nagarik Suraksha Sanhita 2023</subfield>
  </datafield>
  <datafield tag="250" ind1=" " ind2=" ">
    <subfield code="a">24</subfield>
  </datafield>
  <datafield tag="260" ind1=" " ind2=" ">
    <subfield code="a">Gurgaon</subfield>
    <subfield code="b">LexisNexis</subfield>
    <subfield code="c">2025</subfield>
  </datafield>
  <datafield tag="300" ind1=" " ind2=" ">
    <subfield code="a">ccviii,1402p.</subfield>
    <subfield code="b">PB</subfield>
    <subfield code="c">24x16cm.</subfield>
  </datafield>
  <datafield tag="365" ind1=" " ind2=" ">
    <subfield code="a">583</subfield>
    <subfield code="b">&#x20B9;1121.25</subfield>
    <subfield code="c">&#x20B9;</subfield>
    <subfield code="d">1495.00</subfield>
    <subfield code="e">25%</subfield>
    <subfield code="f">03-09-2025</subfield>
  </datafield>
  <datafield tag="650" ind1=" " ind2=" ">
    <subfield code="a">Law</subfield>
    <subfield code="9">238542</subfield>
  </datafield>
  <datafield tag="700" ind1=" " ind2=" ">
    <subfield code="a">Dhirajlal</subfield>
    <subfield code="9">238543</subfield>
  </datafield>
  <datafield tag="942" ind1=" " ind2=" ">
    <subfield code="2">ddc</subfield>
    <subfield code="c">BK</subfield>
  </datafield>
  <datafield tag="999" ind1=" " ind2=" ">
    <subfield code="c">240428</subfield>
    <subfield code="d">240428</subfield>
  </datafield>
  <datafield tag="952" ind1=" " ind2=" ">
    <subfield code="0">0</subfield>
    <subfield code="1">0</subfield>
    <subfield code="2">ddc</subfield>
    <subfield code="4">0</subfield>
    <subfield code="7">0</subfield>
    <subfield code="8">Law</subfield>
    <subfield code="a">LL</subfield>
    <subfield code="b">LL</subfield>
    <subfield code="d">2025-09-10</subfield>
    <subfield code="e">MPP House Bengaluru -560009</subfield>
    <subfield code="g">1121.25</subfield>
    <subfield code="l">0</subfield>
    <subfield code="o">323.054 RATB</subfield>
    <subfield code="p">LL002489</subfield>
    <subfield code="r">2025-09-10 16:31:14</subfield>
    <subfield code="v">1495.00</subfield>
    <subfield code="w">2025-09-03</subfield>
    <subfield code="y">BK</subfield>
  </datafield>
  <datafield tag="952" ind1=" " ind2=" ">
    <subfield code="0">0</subfield>
    <subfield code="1">0</subfield>
    <subfield code="2">ddc</subfield>
    <subfield code="4">0</subfield>
    <subfield code="7">0</subfield>
    <subfield code="8">Law</subfield>
    <subfield code="a">LL</subfield>
    <subfield code="b">LL</subfield>
    <subfield code="d">2025-09-10</subfield>
    <subfield code="e">MPP House Bengaluru -560009</subfield>
    <subfield code="g">1121.25</subfield>
    <subfield code="l">0</subfield>
    <subfield code="o">323.054 RATB</subfield>
    <subfield code="p">LL002490</subfield>
    <subfield code="r">2025-09-10 16:31:14</subfield>
    <subfield code="v">1495.00</subfield>
    <subfield code="w">2025-09-03</subfield>
    <subfield code="y">BK</subfield>
  </datafield>
  <datafield tag="952" ind1=" " ind2=" ">
    <subfield code="0">0</subfield>
    <subfield code="1">0</subfield>
    <subfield code="2">ddc</subfield>
    <subfield code="4">0</subfield>
    <subfield code="7">0</subfield>
    <subfield code="8">Law</subfield>
    <subfield code="a">LL</subfield>
    <subfield code="b">LL</subfield>
    <subfield code="d">2025-09-10</subfield>
    <subfield code="e">MPP House Bengaluru -560009</subfield>
    <subfield code="g">1121.25</subfield>
    <subfield code="l">0</subfield>
    <subfield code="o">323.054 RATB</subfield>
    <subfield code="p">LL002491</subfield>
    <subfield code="r">2025-09-10 16:31:14</subfield>
    <subfield code="v">1495.00</subfield>
    <subfield code="w">2025-09-03</subfield>
    <subfield code="y">BK</subfield>
  </datafield>
  <datafield tag="952" ind1=" " ind2=" ">
    <subfield code="0">0</subfield>
    <subfield code="1">0</subfield>
    <subfield code="2">ddc</subfield>
    <subfield code="4">0</subfield>
    <subfield code="7">0</subfield>
    <subfield code="8">Law</subfield>
    <subfield code="a">LL</subfield>
    <subfield code="b">LL</subfield>
    <subfield code="d">2025-09-10</subfield>
    <subfield code="e">MPP House Bengaluru -560009</subfield>
    <subfield code="g">1121.25</subfield>
    <subfield code="l">0</subfield>
    <subfield code="o">323.054 RATB</subfield>
    <subfield code="p">LL002492</subfield>
    <subfield code="r">2025-09-10 16:31:14</subfield>
    <subfield code="v">1495.00</subfield>
    <subfield code="w">2025-09-03</subfield>
    <subfield code="y">BK</subfield>
  </datafield>
  <datafield tag="952" ind1=" " ind2=" ">
    <subfield code="0">0</subfield>
    <subfield code="1">0</subfield>
    <subfield code="2">ddc</subfield>
    <subfield code="4">0</subfield>
    <subfield code="7">0</subfield>
    <subfield code="8">Law</subfield>
    <subfield code="a">LL</subfield>
    <subfield code="b">LL</subfield>
    <subfield code="d">2025-09-20</subfield>
    <subfield code="e">MPP House Bengaluru -560009</subfield>
    <subfield code="g">1121.25</subfield>
    <subfield code="l">3</subfield>
    <subfield code="m">1</subfield>
    <subfield code="o">323.054 RATB</subfield>
    <subfield code="p">LL002493</subfield>
    <subfield code="r">2026-05-05 11:26:48</subfield>
    <subfield code="s">2026-04-15</subfield>
    <subfield code="v">1495.00</subfield>
    <subfield code="w">2025-09-18</subfield>
    <subfield code="y">BK</subfield>
  </datafield>
  <datafield tag="952" ind1=" " ind2=" ">
    <subfield code="0">0</subfield>
    <subfield code="1">0</subfield>
    <subfield code="2">ddc</subfield>
    <subfield code="4">0</subfield>
    <subfield code="7">0</subfield>
    <subfield code="8">Law</subfield>
    <subfield code="a">LL</subfield>
    <subfield code="b">LL</subfield>
    <subfield code="d">2025-09-20</subfield>
    <subfield code="e">MPP House Bengaluru -560009</subfield>
    <subfield code="g">1121.25</subfield>
    <subfield code="l">0</subfield>
    <subfield code="o">323.054 RATB</subfield>
    <subfield code="p">LL002494</subfield>
    <subfield code="r">2025-09-20 11:18:15</subfield>
    <subfield code="v">1495.00</subfield>
    <subfield code="w">2025-09-18</subfield>
    <subfield code="y">BK</subfield>
  </datafield>
  <datafield tag="952" ind1=" " ind2=" ">
    <subfield code="0">0</subfield>
    <subfield code="1">0</subfield>
    <subfield code="2">ddc</subfield>
    <subfield code="4">0</subfield>
    <subfield code="7">0</subfield>
    <subfield code="8">Law</subfield>
    <subfield code="a">LL</subfield>
    <subfield code="b">LL</subfield>
    <subfield code="d">2025-09-20</subfield>
    <subfield code="e">MPP House Bengaluru -560009</subfield>
    <subfield code="g">1121.25</subfield>
    <subfield code="l">0</subfield>
    <subfield code="o">323.054 RATB</subfield>
    <subfield code="p">LL002495</subfield>
    <subfield code="r">2025-09-20 11:18:15</subfield>
    <subfield code="v">1495.00</subfield>
    <subfield code="w">2025-09-18</subfield>
    <subfield code="y">BK</subfield>
  </datafield>
  <datafield tag="952" ind1=" " ind2=" ">
    <subfield code="0">0</subfield>
    <subfield code="1">0</subfield>
    <subfield code="2">ddc</subfield>
    <subfield code="4">0</subfield>
    <subfield code="7">0</subfield>
    <subfield code="8">Law</subfield>
    <subfield code="a">LL</subfield>
    <subfield code="b">LL</subfield>
    <subfield code="d">2025-09-20</subfield>
    <subfield code="e">MPP House Bengaluru -560009</subfield>
    <subfield code="g">1121.25</subfield>
    <subfield code="l">0</subfield>
    <subfield code="o">323.054 RATB</subfield>
    <subfield code="p">LL002496</subfield>
    <subfield code="r">2025-09-20 11:18:15</subfield>
    <subfield code="v">1495.00</subfield>
    <subfield code="w">2025-09-18</subfield>
    <subfield code="y">BK</subfield>
  </datafield>
  <datafield tag="952" ind1=" " ind2=" ">
    <subfield code="0">0</subfield>
    <subfield code="1">0</subfield>
    <subfield code="2">ddc</subfield>
    <subfield code="4">0</subfield>
    <subfield code="7">0</subfield>
    <subfield code="8">Law</subfield>
    <subfield code="a">LL</subfield>
    <subfield code="b">LL</subfield>
    <subfield code="d">2025-09-20</subfield>
    <subfield code="e">MPP House Bengaluru -560009</subfield>
    <subfield code="g">1121.25</subfield>
    <subfield code="l">2</subfield>
    <subfield code="o">323.054 RATB</subfield>
    <subfield code="p">LL002497</subfield>
    <subfield code="r">2026-05-05 11:21:19</subfield>
    <subfield code="s">2026-03-23</subfield>
    <subfield code="v">1495.00</subfield>
    <subfield code="w">2025-09-18</subfield>
    <subfield code="y">BK</subfield>
  </datafield>
  <datafield tag="952" ind1=" " ind2=" ">
    <subfield code="0">0</subfield>
    <subfield code="1">0</subfield>
    <subfield code="2">ddc</subfield>
    <subfield code="4">0</subfield>
    <subfield code="7">0</subfield>
    <subfield code="8">Law</subfield>
    <subfield code="a">LL</subfield>
    <subfield code="b">LL</subfield>
    <subfield code="d">2025-09-20</subfield>
    <subfield code="e">MPP House Bengaluru -560009</subfield>
    <subfield code="g">1121.25</subfield>
    <subfield code="l">0</subfield>
    <subfield code="o">323.054 RATB</subfield>
    <subfield code="p">LL002498</subfield>
    <subfield code="r">2025-09-20 11:18:15</subfield>
    <subfield code="v">1495.00</subfield>
    <subfield code="w">2025-09-18</subfield>
    <subfield code="y">BK</subfield>
  </datafield>
  <datafield tag="952" ind1=" " ind2=" ">
    <subfield code="0">0</subfield>
    <subfield code="1">0</subfield>
    <subfield code="2">ddc</subfield>
    <subfield code="4">0</subfield>
    <subfield code="7">0</subfield>
    <subfield code="8">Law</subfield>
    <subfield code="a">LL</subfield>
    <subfield code="b">LL</subfield>
    <subfield code="d">2026-04-17</subfield>
    <subfield code="e">MPP House Bengaluru -560009</subfield>
    <subfield code="g">1121.25</subfield>
    <subfield code="l">0</subfield>
    <subfield code="o">323.054 RATB</subfield>
    <subfield code="p">LL002612</subfield>
    <subfield code="r">2026-04-21 14:57:27</subfield>
    <subfield code="v">1495.00</subfield>
    <subfield code="w">2026-03-14</subfield>
    <subfield code="y">BK</subfield>
  </datafield>
  <datafield tag="952" ind1=" " ind2=" ">
    <subfield code="0">0</subfield>
    <subfield code="1">0</subfield>
    <subfield code="2">ddc</subfield>
    <subfield code="4">0</subfield>
    <subfield code="7">0</subfield>
    <subfield code="8">Law</subfield>
    <subfield code="a">LL</subfield>
    <subfield code="b">LL</subfield>
    <subfield code="d">2026-04-17</subfield>
    <subfield code="e">MPP House Bengaluru -560009</subfield>
    <subfield code="g">1121.25</subfield>
    <subfield code="l">0</subfield>
    <subfield code="o">323.054 RATB</subfield>
    <subfield code="p">LL002613</subfield>
    <subfield code="r">2026-04-21 14:57:27</subfield>
    <subfield code="v">1495.00</subfield>
    <subfield code="w">2026-03-14</subfield>
    <subfield code="y">BK</subfield>
  </datafield>
  <datafield tag="952" ind1=" " ind2=" ">
    <subfield code="0">0</subfield>
    <subfield code="1">0</subfield>
    <subfield code="2">ddc</subfield>
    <subfield code="4">0</subfield>
    <subfield code="7">0</subfield>
    <subfield code="8">Law</subfield>
    <subfield code="a">LL</subfield>
    <subfield code="b">LL</subfield>
    <subfield code="d">2026-04-17</subfield>
    <subfield code="e">MPP House Bengaluru -560009</subfield>
    <subfield code="g">1121.25</subfield>
    <subfield code="l">0</subfield>
    <subfield code="o">323.054 RATB</subfield>
    <subfield code="p">LL002614</subfield>
    <subfield code="r">2026-04-21 14:57:27</subfield>
    <subfield code="v">1495.00</subfield>
    <subfield code="w">2026-03-14</subfield>
    <subfield code="y">BK</subfield>
  </datafield>
</record>
